[Event "Dieren Zesrondig-1"]
[Site "Dieren"]
[Date "2013.07.24"]
[Round "2"]
[White "Burgers, Gerard"]
[Black "Woning, Dirk"]
[Result "0-1"]
[WhiteElo "1790"]
[BlackElo "1643"]
[PlyCount "60"]
[EventDate "2013.07.23"]
[EventType "swiss"]
[EventRounds "6"]
[EventCountry "NED"]
[SourceTitle "EXT 2014"]
[Source "ChessBase"]
[SourceDate "2013.11.20"]
[SourceVersion "1"]
[SourceVersionDate "2013.11.20"]
[SourceQuality "1"]

1. e4 e6 2. d4 d5 3. exd5 exd5 4. Bd3 Nc6 5. Nf3 Bd6 6. Nc3 Nge7 7. 0-0 a6 8. Re1 0-0 9. h3 Nb4 10. Bg5 f6 11. Be3 Nxd3 12. Qxd3 c6 13. Ne2 Qc7 14. Qd2 Ng6 15. Qd3 f5 16. c4 f4 17. Bd2 Bf5 18. Qc3 Be4 19. Ng5 f3 20. Nxe4 Bh2+ 21. Kh1 fxg2+ 22. Kxg2 Nh4+ 23. Kf1 Rf3 24. Be3 dxe4 25. Qd2 Qd7 26. Nf4 Bxf4 27. Bxf4 Qxh3+ 28. Ke2 Qg4 29. Be3 Rxe3+ 30. Kxe3 Qf3# 0-1